AC Milan 2020s Champions League Scorers - Statistics

General Stats
  • This quiz has been taken 47 times
  • The average score is 12 of 18
Answer Stats
Goals Nationality Player % Correct
5 American Christian Pulisic
98%
6 Portuguese Rafael Leao
98%
6 French Olivier Giroud
91%
1 Algerian Ismael Bennacer
77%
1 English Fikayo Tomori
75%
2 Moroccan Brahim Diaz
68%
1 German Malick Thiaw
66%
3 Dutch Tijjani Reijnders
66%
2 Nigerian Samu Chukwueze
64%
1 Mexican Santiago Gimenez
64%
2 English Tammy Abraham
64%
1 Croatian Ante Rebic
59%
2 Brazilian Junior Messias
59%
2 Belgian Alexis Saelemaekers
55%
1 Spanish Alvaro Morata
55%
1 Bosnian Rade Krunic
55%
1 Italian Matteo Gabbia
39%
1 Italian Tommaso Pobega
25%
No matching quizzes found
Score Distribution
Percent of People with Each Score
Percentile by Number Answered
Your Score History
You have not taken this quiz